Statistiques concernant Paroles ça m'énerve-Helmut Fritz

Cliquez ici pour prendre le quiz!

Statistiques générales

  • Ce quiz a été pris 299 fois
  • Le résultat moyen est 237 sur 320

Statistiques - réponses

Réponse% Correct
ça
100%
Me
100%
me
100%
m'énerve
99%
la
98%
La
98%
à
97%
a
97%
le
95%
Le
95%
qui
93%
tout
93%
Tout
93%
de
92%
ces
91%
je
89%
Je
89%
89%
c'est
86%
Mais
86%
que
86%
pas
85%
frange
84%
Kate
84%
Toutes
84%
un
83%
celles
82%
chez
82%
mon
82%
Moss
82%
portent
82%
J'ai
81%
j'ai
81%
par
80%
Pour
80%
pour
80%
au
79%
et
79%
Et
79%
gloss
79%
oui
79%
y
78%
ai
77%
dit
77%
fini
77%
lèvre
77%
maintenant
77%
Maintenant
77%
rouge
77%
te
77%
Il
76%
des
74%
Elle
74%
en
74%
Non
74%
Voltaire
74%
dans
73%
Dans
73%
tu
73%
Zadig
73%
Dieu
72%
jean
72%
lèvres
72%
vous
72%
con
71%
on
71%
qu'elle
71%
sur
71%
d'un
70%
une
70%
faire
69%
l'air
69%
macarons
69%
rupture
69%
sont
69%
stock
69%
qu'ils
68%
serveuse
68%
sonné
68%
aider
67%
bon
67%
rentres
67%
réservation
67%
cadeau
66%
taille
66%
vespa
66%
bons
65%
j'arrive
65%
J'peux
65%
queue
65%
terre
65%
pompe
64%
ressors
64%
téléphone
64%
font
63%
parait
63%
34
62%
blondasse
62%
Moi
62%
Rock
62%
vestiaire
62%
marqué
61%
perdu
61%
ticket
61%
verre
61%
pull
60%
Tous
60%
vomi
60%
boire
59%
guerre
59%
les
59%
J'entre
58%
Ladurée
58%
gens
56%
VIP
56%
carré
55%
plein
54%
club
53%
slim
53%
taxi
53%
trouve
52%
Lamborghini
51%
rentrent
48%
bu
45%
champagne
44%
Milliardaire
44%
Devant
42%
mojito
42%
boivent
40%
string
39%
aux
38%
comme
37%
rosé
37%
dis
35%
Qu'est-ce
35%
leur
34%
donne
33%
Si
33%
envie
32%
seule
32%
trop
32%
mal
31%
toi
31%
vue
31%
abattre
30%
dance
30%
floor
30%
musique
29%
avec
28%
beaucoup
28%
dansent
28%
écoutent
28%
fort
28%
leurs
28%
pieds
28%
t'as
28%
fesses
24%
oublier
24%
princesses
23%
Scheisse
23%
verras
22%
Weston
22%
Jimmy
21%
qu'en
21%
ach
20%
black
19%
card
19%
bah
18%
Choo
18%
monte
18%
Costes
17%
voir
14%
cric
12%

Distribution des résultats

Percentile par nombre de réponses

% des personnes avec chaque résultat

Votre développement - résultats

Vous n’avez pas pris ce quiz